Learning Resource and Development

Exercise psychology : (Record no. 26790)

MARC details
000 -LEADER
fixed length control field 01766cam a2200325 i 4500
003 - CONTROL NUMBER IDENTIFIER
control field CSPC
005 - DATE AND TIME OF LATEST TRANSACTION
control field 20240117114643.0
008 - FIXED-LENGTH DATA ELEMENTS--GENERAL INFORMATION
fixed length control field 240110t20172017maua b 001 0 eng
010 ## - LIBRARY OF CONGRESS CONTROL NUMBER
LC control number 2015036114
020 ## - INTERNATIONAL STANDARD BOOK NUMBER
International Standard Book Number 9781284034219
040 ## - CATALOGING SOURCE
Original cataloging agency DLC
Language of cataloging eng
Transcribing agency DLC
Description conventions rda
Modifying agency DLC
-- CSPC
042 ## - AUTHENTICATION CODE
Authentication code pcc
050 00 - LIBRARY OF CONGRESS CALL NUMBER
Classification number RA781
Item number .H367 2017
082 00 - DEWEY DECIMAL CLASSIFICATION NUMBER
Classification number 613.7
Item number H295e
Edition number 23
100 1# - MAIN ENTRY--PERSONAL NAME
Personal name Hausenblas, Heather A.,
Relator term author.
245 10 - TITLE STATEMENT
Title Exercise psychology :
Remainder of title physical activity and sedentary behavior /
Statement of responsibility, etc. Heather Hausenblas and Ryan E. Rhodes.
264 #1 - PRODUCTION, PUBLICATION, DISTRIBUTION, MANUFACTURE, AND COPYRIGHT NOTICE
Place of production, publication, distribution, manufacture Burlington, Massachusetts :
Name of producer, publisher, distributor, manufacturer Jones & Bartlett Learning,
Date of production, publication, distribution, manufacture, or copyright notice 2017.
300 ## - PHYSICAL DESCRIPTION
Extent xvii, 454 pages :
Other physical details color illustrations ;
Dimensions 23 cm.
336 ## - CONTENT TYPE
Content type term text
Content type code txt
Source rdacontent
337 ## - MEDIA TYPE
Media type term unmediated
Media type code n
Source rdamedia
338 ## - CARRIER TYPE
Carrier type term volume
Carrier type code nc
Source rdacarrier
504 ## - BIBLIOGRAPHY, ETC. NOTE
Bibliography, etc. note Includes bibliographical references and index.
505 0# - FORMATTED CONTENTS NOTE
Formatted contents note Introduction to psychology of physical activity -- Introduction to psychology of sedentary behavior -- Social cognitive theory and physical activity -- Motivational theories of physical activity and sedentary behavior -- The theory of planned behavior -- The transtheoretical model and physical activity -- Cognition -- Anxiety and depression -- Personality traits -- Self-esteem and body image -- Stress and pain -- Sleep -- Health-related quality of life and positive Psychology -- Exercise-related disorders -- Social environment -- Physical environment.
650 #0 - SUBJECT ADDED ENTRY--TOPICAL TERM
Topical term or geographic name entry element Physical fitness
General subdivision Psychological aspects.
650 #0 - SUBJECT ADDED ENTRY--TOPICAL TERM
Topical term or geographic name entry element Exercise
General subdivision Psychological aspects.
650 #0 - SUBJECT ADDED ENTRY--TOPICAL TERM
Topical term or geographic name entry element Sedentary behavior.
700 1# - ADDED ENTRY--PERSONAL NAME
Personal name Rhodes, Ryan E.,
Dates associated with a name 1973-
Relator term author.
942 ## - ADDED ENTRY ELEMENTS (KOHA)
Source of classification or shelving scheme Dewey Decimal Classification
Koha item type Books
Classification part 613.7
Item part H295e
Call number prefix CIR
Call number suffix 2017
Suppress in OPAC No
Holdings
Withdrawn status Lost status Source of classification or shelving scheme Damaged status Not for loan Home library Current library Shelving location Date acquired Total Checkouts Full call number Barcode Date last seen Copy number Price effective from Koha item type
    Dewey Decimal Classification     Main Library Main Library Circulation Section 01/10/2024   CIR 613.7 H295e 2017 026707 01/10/2024 1-1 01/10/2024 Books